000 00501nam a2200169Ia 4500
008 130821s1970 sp gr spa
040 _aCo-BoUCM
_bspa
041 0 0 _aspa
245 0 0 _aCuentos Rusos
_cSin MR
260 _aMadrid (España)
_bSalvat
_c1970
300 _a180 páginas
490 _aBilioteca Basica Salvat, 41
650 0 4 _aCuentos rusos
_vColecciones
_912306
650 0 4 _aLiteratura
_918599
942 _cLIBRO
_a18
_e1
_mC965
_2DEWEY
_h891.7
_n0
999 _c32129
_d32129